| 000 | 00558nam a22001577a 4500 | ||
|---|---|---|---|
| 999 |
_c40984 _d40984 |
||
| 003 | OSt | ||
| 005 | 20210224122222.0 | ||
| 008 | 210224b ||||| |||| 00| 0 eng d | ||
| 020 | _a9789353065829 | ||
| 040 | _coclc | ||
| 082 |
_a378 _bTHO/G |
||
| 100 |
_96395 _aThorpe, Edgar |
||
| 245 |
_aGeneral Studies For Civil Services Preliminary Examination : _bIndian Polity And Governance / _cEdgar Thorpe ; Showick Thorpe |
||
| 260 |
_aUttar Pradesh: _bPearson Indian Education Services, _c2019. |
||
| 942 |
_2ddc _cBK _h378 _iTHO/G _k378 _mTHO/G |
||